[Event "LUX-chT 2016/17"]
[Site "Luxembourg"]
[Date "2017.01.15"]
[Round "6"]
[White "Mauer, Christian"]
[Black "Birtz, Claude"]
[Result "1/2-1/2"]
[WhiteElo "1837"]
[BlackElo "1861"]
[PlyCount "30"]
[EventDate "2016.09.25"]
[EventType "team-tourn"]
[EventRounds "10"]
[EventCountry "LUX"]
[SourceTitle "EXT 2018"]
[Source "ChessBase"]
[SourceDate "2017.10.13"]
[SourceVersion "1"]
[SourceVersionDate "2017.10.13"]
[SourceQuality "1"]

1. d4 e6 2. Nf3 Nf6 3. e3 c5 4. Bd3 Nc6 5. 0-0 b6 6. b3 Bb7 7. Bb2 Be7 8. c4 0-0 9. Nbd2 Qc7 10. Rc1 Rad8 11. Qe2 Qb8 12. e4 d6 13. d5 Nb4 14. Bb1 a5 15. a3 Na6 1/2-1/2

[Event "LUX-ch U20"]
[Site "Luxembourg"]
[Date "1998.02.22"]
[Round "2"]
[White "Nepgen, Daniel"]
[Black "Mauer, Christian"]
[Result "1/2-1/2"]
[WhiteElo "1760"]
[BlackElo "1695"]
[PlyCount "57"]
[EventDate "1998.??.??"]
[EventType "tourn"]
[EventRounds "5"]
[EventCountry "LUX"]
[SourceTitle "EXT 2003"]
[Source "ChessBase"]
[SourceDate "2002.11.25"]
[SourceVersion "1"]
[SourceVersionDate "2002.11.25"]
[SourceQuality "1"]

1. e4 e5 2. Nf3 Nc6 3. Bc4 Bc5 4. Nc3 d6 5. Nd5 Nf6 6. d3 h6 7. 0-0 Bg4 8. h3 Bh5 9. c3 0-0 10. b4 Bb6 11. a4 Nxd5 12. Bxd5 a6 13. Be3 Ba7 14. b5 Na5 15. bxa6 Bxe3 16. axb7 Bxf2+ 17. Rxf2 Rb8 18. Rb1 c6 19. Ba2 Rxb7 20. Rxb7 Nxb7 21. d4 exd4 22. cxd4 Re8 23. Qd3 Bg6 24. g3 Bxe4 25. Bxf7+ Kxf7 26. Ng5+ Kg8 27. Nxe4 Qe7 28. Nd2 Qe1+ 29. Kg2 1/2-1/2